000 00187 a2200097 4500
001 8267
100 _aDickens, C
245 _aBleak House
260 _a
_bOxford
_c
090 _c6649
_d6649
942 _aNUST-CAE
_cM
_c33210
999 _c243340
_d243340